Návrh systému automatizovaného monitorovania pacientov na báze progresívnych systémov IoT

Enregistré dans:
Détails bibliographiques
Auteur principal: Šubjak, Ján (Auteur)
Autres auteurs: Kuzma, Anton (Directeur de thèse)
Format: Manuscrit Livre
Langue:slovaque
Publié: 2018
Sujets:
Accès en ligne:http://is.stuba.sk/zp/portal_zp.pl?podrobnosti=131054
Tags: Ajouter un tag
Pas de tags, Soyez le premier à ajouter un tag!

MARC

LEADER 00000ntm a22000003a 4500
001 stuzp69061
003 SK-STU
005 20181009101809.7
007 ta
008 150427s2015----xo-----f-mn---000-0-slo-d
040 |a STU  |b slo 
041 0 |a slo 
044 |a xo 
100 1 |a Šubjak, Ján  |u 033000  |4 aut  |U FEI Fakulta elektrotechniky a informatiky  |T FEI Ústav elektroniky a fotoniky  |X 82987  |U E030  |Y 549  |7 82987 
242 0 1 |a Design of automated patients monitoring system based on progressive IoT systems  |y eng 
245 1 0 |a Návrh systému automatizovaného monitorovania pacientov na báze progresívnych systémov IoT 
260 |c 2018 
300 |a 48 s., príl. 
650 4 |a nízka spotreba energie  |2 slo 
650 4 |a monitorovanie pacientov  |2 slo 
650 4 |a IoT  |2 slo 
650 4 |a Low power  |2 eng 
650 4 |a patient monitoring  |2 eng 
650 4 |a IoT  |2 eng 
700 1 |a Kuzma, Anton  |u 033000  |k Z2  |4 ths  |U FEI Fakulta elektrotechniky a informatiky  |T FEI Ústav elektroniky a fotoniky  |X 36020  |U E030  |Y 549  |7 A000036020 
856 4 |u http://is.stuba.sk/zp/portal_zp.pl?podrobnosti=131054 
996 |b 284EP11825  |c E*DIPL- 11825  |l EE33  |s P  |a 0  |w stuzp69061_0001